000 00675nam a2200229Ia 4500
003 OSt
005 20221007070839.0
006 a|||||r|||| 00| 0
007 ta
008 221006b |||||||| |||| 00| 0 eng d
024 _a10,399
037 _cTextual
040 _aFLL
_cFLL
_beng
041 _2eng
_aeng
082 _aF53:Z2qN54, K5;K9;1
100 _aSrivastava H.P. Au.
_9681788
245 0 _aCommentaries on the prevention of food adulteration act and rules
260 _aIndore
_bThe national law house India
_c1969
300 _a134p
_ccm.
942 _hF53:Z2qN54, K5;K9;1
_cTEXL
_2CC
999 _c1141712
_d1141712